Bez pardonu z Jacoviec na európsky piedestál - futbalový príbeh Ladislava Jurkemika

Bibliographic Details
Main Author: Harsányi, Ladislav, 1965- (Author)
Other Authors: Súkup, Ján, 1950- (Photographer)
Format: Book
Language:Slovak
Published: Bratislava SPORT legal, s.r.o. [2020]
Edition:Prvé vydanie
Series:Športové legendy
Subjects:

MARC

LEADER 00000cam a2200000 4500
001 vtls012007124
003 SK-MaSNL
005 20260301150224.0
008 220509s2019 xo ho grhn 000 1bslo
015 |a SNBA2020/12 
020 |a 9788089920105  |q (viazané) 
035 |a urn:nbn:sk:snk-am00ghko 
035 |a urn:nbn:sk:snk-am3j76m 
035 |a 3F1D5DC6-15DD-49C5-A0DB-7CEC01D5BC78 
040 |a SNK  |b slo  |c SNK  |e rda 
041 0 |a slo 
044 |a xo  |c SK 
072 7 |a 929  |x Biografie  |2 konspekt 
080 |a 796.332.071.2  |2 2011 
080 |a 929(092)  |2 2011 
100 1 |a Harsányi, Ladislav,  |d 1965-  |4 aut  |9 176286 
245 1 0 |a Bez pardonu  |b z Jacoviec na európsky piedestál - futbalový príbeh Ladislava Jurkemika  |c Ladislav Harsányi 
250 |a Prvé vydanie 
264 1 |a Bratislava  |b SPORT legal, s.r.o.  |c [2020] 
300 |a 268 strán  |b faksimile, fotografie  |c 25 cm 
336 |a text  |b txt  |2 rdacontent 
336 |a statický obraz  |b sti  |2 rdacontent 
337 |a bez média  |b n  |2 rdamedia 
338 |a zväzok  |b nc  |2 rdacarrier 
490 1 |a Športové legendy 
500 |a Rok vydania podľa NA ISBN 
504 |a Obsahuje bibliografiu 
600 1 7 |a Jurkemik, Ladislav,  |d 1953-  |2 SNKMA  |9 103656 
650 0 7 |a futbalisti  |2 SNKPH  |9 43771 
650 0 7 |a Soccer players  |2 SNKPHeng  |9 288841 
655 7 |a biografie  |2 SNKPH  |9 27965 
655 7 |a Biography  |2 SNKPHeng  |9 266314 
700 1 |a Súkup, Ján,  |d 1950-  |4 pht  |9 115579 
830 0 |a Športové legendy  |9 340255 
919 |a 978-80-89920105 
958 |a LX 
958 |a BX 
958 |a NB 
999 |c 782820  |d 784750 
952 |a SNK  |b SNK  |y PREZ  |7 0  |p 17A1447167  |o snkSC 191185  |i snk2020/21772  |8 0  |0 0  |1 0  |4 0  |d 2020-12-03  |f 1  |l 0  |r 2025-10-08 00:00:00  |w 2026-02-24 
952 |a SNK  |b SNK  |y VYP  |7 0  |p 17A1447168  |o snkSC 191185 D1  |i snk2020/21773  |8 0  |0 0  |1 0  |4 0  |d 2020-12-03  |l 0  |r 2026-02-24 01:10:06  |w 2026-02-24